تعيين الحدود الدولية و تخطيطها / (رقم التسجيلة. 57374)

تفاصيل مارك
000 -LEADER
fixed length control field 02887cam a2200313 a 4500
003 - CONTROL NUMBER IDENTIFIER
control field EG-GiCUC
005 - DATE AND TIME OF LATEST TRANSACTION
control field 20250223031535.0
008 - FIXED-LENGTH DATA ELEMENTS--GENERAL INFORMATION
fixed length control field 160808s2016 ua f m 000 0 ara d
040 ## - CATALOGING SOURCE
Original cataloging agency EG-GiCUC
Language of cataloging ara
Transcribing agency EG-GiCUC
041 0# - LANGUAGE CODE
Language code of text/sound track or separate title ara
049 ## - LOCAL HOLDINGS (OCLC)
Holding library ايداع
097 ## - Thesis Degree
Thesis Level دكتوراه
099 ## - LOCAL FREE-TEXT CALL NUMBER (OCLC)
Classification number Cai01.04.04.Ph.D.2016.مح.ت
100 0# - MAIN ENTRY--PERSONAL NAME
Personal name محمد فرج حسون
245 10 - TITLE STATEMENT
Title تعيين الحدود الدولية و تخطيطها /
Statement of responsibility, etc. محمد فرج حسون ؛ إشراف أحمد أبوالوفا
260 ## - PUBLICATION, DISTRIBUTION, ETC.
Place of publication, distribution, etc. القاهرة :
Name of publisher, distributor, etc. محمد فرج حسون :
Date of publication, distribution, etc. 2016
300 ## - PHYSICAL DESCRIPTION
Extent 344 ص ؛
Dimensions 25سم
502 ## - DISSERTATION NOTE
Dissertation note اطروحة (دكتوراه) - جامعة القاهرة - كلية الحقوق - قسم القانون الدولى العام
520 ## - SUMMARY, ETC.
Summary, etc. هذا البحث بعنوان (تعيين الحدود الدولية وتخطيطها) ويتناول هذا البحث الموضوع بالتفصيل ضمن بابين رئيسيين مسبوقين بالفصل التهميدي الذي يتكلم عن ماهية الحدود الدولية من حيث التطور والمفهوم. يتناول الباب الأول من هذه الدراسة تعيين الحدود في فصليين رئيسيين. الفصل الأول من الباب الأول يتناول بالدراسة المفهوم والمبادئ والطرق فضلاً عن العوامل التي قد تؤثر على تعيين الحدود. ويركز الفضل الثاني من الباب الأول على الآثار المترتبة على تعيين الحدود كوسيلة سواء من حيث الأصل أو المبادئ التي يمكن استخدامها في عملية التعيين: والتي قد تكون إثبات للحقوق المزعومة التي تتعلق بالحدود. أما الباب الثاني من هذا البحث فيتناول بالدراسة تخطيط الحدود الدولية ضمن فصليين رئيسيين: الفصل الأول يتناول المفهوم والمبادئ والمراحل التي تمر بها عملية التخطيط: والفصل الثاني يتناول الآثار المترتبة على تخطيط الحدود الدولية: كإدارة الحدود الدولية وسلطات وهيئات إدارة الحدود: وكذلك مبدأ ثبات الحدود وشروطه وتطبيقاته: وكذلك مبدأ حسن الجوار باعتباره أثر من آثار تخطيط الحدود الدولية
530 ## - ADDITIONAL PHYSICAL FORM AVAILABLE NOTE
Additional physical form available note صدر ايضا كقرص مدمج
653 #4 - INDEX TERM--UNCONTROLLED
Uncontrolled term تخطيط الحدود الولية
653 #4 - INDEX TERM--UNCONTROLLED
Uncontrolled term تعيين الحدود الدولية
653 #4 - INDEX TERM--UNCONTROLLED
Uncontrolled term علاقة الدول
700 0# - ADDED ENTRY--PERSONAL NAME
Personal name أحمد أبوالوفا :
Relator term
856 ## - ELECTRONIC LOCATION AND ACCESS
Uniform Resource Identifier <a href="http://172.23.153.220/th.pdf">http://172.23.153.220/th.pdf</a>
905 ## - LOCAL DATA ELEMENT E, LDE (RLIN)
Cataloger Nazla
Reviser Revisor
905 ## - LOCAL DATA ELEMENT E, LDE (RLIN)
Cataloger Samia
Reviser Cataloger
942 ## - ADDED ENTRY ELEMENTS (KOHA)
Source of classification or shelving scheme Dewey Decimal Classification
Koha item type Thesis
المقتنيات
Source of classification or shelving scheme Not for loan Home library Current library Date acquired Full call number Barcode Date last seen Koha item type Copy number
Dewey Decimal Classification   المكتبة المركزبة الجديدة - جامعة القاهرة قاعة الرسائل الجامعية - الدور الاول 11.02.2024 Cai01.04.04.Ph.D.2016.مح.ت 01010100022217000 22.09.2023 Thesis  
Dewey Decimal Classification   المكتبة المركزبة الجديدة - جامعة القاهرة مخـــزن الرســائل الجـــامعية - البدروم 11.02.2024 Cai01.04.04.Ph.D.2016.مح.ت 01020100022217000 22.09.2023 CD - Rom 22217.CD
Cairo University Libraries Portal Implemented & Customized by: Eng. M. Mohamady Contacts: new-lib@cl.cu.edu.eg | cnul@cl.cu.edu.eg
CUCL logo CNUL logo
© All rights reserved — Cairo University Libraries
CUCL logo
Implemented & Customized by: Eng. M. Mohamady Contact: new-lib@cl.cu.edu.eg © All rights reserved — New Central Library
CNUL logo
Implemented & Customized by: Eng. M. Mohamady Contact: cnul@cl.cu.edu.eg © All rights reserved — Cairo National University Library